| 000 | 01152nac a22003497a 4500 | ||
|---|---|---|---|
| 001 | BR8303346 | ||
| 003 | BR-BrBNA | ||
| 005 | 20240105115751.0 | ||
| 008 | 230509b bl.|||m| |||| 00| 0 por d | ||
| 040 |
_aBR-BrBNA _bpor _cBiblioteca Nacional de Agricultura |
||
| 072 | _aL73 | ||
| 090 | _a5300 BR8303346 | ||
| 100 | 1 | _aBrito, J.R.F. | |
| 100 | 1 | _aPratas, J.F. da S. | |
| 100 | 1 | _aBrito, M.A.V.P. | |
| 100 | 1 | _aGoncalves, P. de T. | |
| 110 | 1 | _aCentro Nacional de Pesquisa de Suinos e Aves, Concordia, SC (Brasil) | |
| 245 | 1 | _aComparacao de dois esquemas de combate a rinite atrofica dos suinos a nivel de campo [bacteria, vacina, tratamento, Santa Catarina, Brasil] | |
| 260 | 3 |
_aConcordia, SC (Brasil): _c1983. |
|
| 300 | _a4 p. | ||
| 490 |
_aComunicado Tecnico - Centro Nacional de Pesquisa de Suinos e Aves (Brazil) _vno. 70 _xISSN 0100-8862 |
||
| 650 | _aSUINO | ||
| 650 | _aRINITE ATROFICA | ||
| 650 | _aSINTOMA | ||
| 650 | _aVACINA | ||
| 650 | _aANALISE ECONOMICA | ||
| 650 | _aCUSTO | ||
| 650 | _aTRATAMENTO | ||
| 650 | _aSANTA CATARINA | ||
| 909 |
_a202312 _bLúcia Elande _c55 _dLúcia Elande |
||
| 942 |
_2AGRIS _n0 _cMS |
||
| 999 |
_c276297 _d276297 |
||